| 000 | 00381 a2200157 4500 | ||
|---|---|---|---|
| 001 | 157459 | ||
| 020 | _a978-85-359-2763-4 | ||
| 040 | _cEscola São Tomás de Aquino | ||
| 100 | _aKUCINSKI, B. | ||
| 240 | 1 | 0 |
_aK - Relato de uma busca _l |
| 245 | 1 | 0 | _aK - Relato de uma busca |
| 362 | 0 | _a2016 | |
| 440 | 1 | _aCompanhia das Letras | |
| 697 | _aLITERATURA BRASILEIRA | ||
| 942 | _cBK | ||
| 999 |
_c157459 _d157459 |
||